Normale Ansicht MARC-Ansicht ISBD

The Ruler in the Garden : (Titelsatznr. 14361)

[ MARC ]
MARC-Details
000 -Satzkennung
Kontrollfeld mit fester Länge 00489nam a22001691c 4500
001 - Kontrollnummer
Kontrollfeld a987659202
008 - Feld mit fester Länge zur physischen Beschreibung - Allgemeine Angaben
Kontrollfeld mit fester Länge 071112s2007 gw |||| 000u eng d
041 ## - Sprachcode
Sprachcode des Textes/der Tonspur oder des separaten Titels eng
040 ## - Katalogisierungsquelle
Übertragungsstelle RU-10907106
003 - Kontrollnummer Identifier
Kontrollfeld RU-10907106
100 1# - Haupteintragung - Personenname
Personenname Schönle, Andreas
245 04 - Titel
Titel The Ruler in the Garden :
Zusatz zum Titel Politics and Landscape Design in Imperial Russia
264 ## - Produktion, Veröffentlichung, Distribution, Herstellung und Urheberrechtsvermerk
Herstellungs-, Veröffentlichungs- Vertriebs-, Erzeugungsort Oxford :
Produzent, Herausgeber, Distributor, Hersteller Peter Lang,
Datum der Herstellung, der Veröffentlichung, des Vertriebs oder des Urheberschutzvermerks 2007
300 ## - Physische Beschreibung
Umfang 395 S.
490 #0 - Gesamttitelangabe
Gesamttitelangabe Russian Transformations : Literature, Thought, Culture
Bandnummer/Folgebezeichnung 1
942 ## - Zusätzliche Felder (Koha)
Koha-Medientyp Monographien
Exemplare
Ausgeschieden Verloren Klassifikation oder Aufstellungssystematik Beschädigt Nicht entleihbar Heimatbibliothek Aufenthaltsbibliothek Aufstellungsort Erwerbungsdatum Inventarnummer Signatur Barcode Letzte Aktivität Preis gültig von Koha-Medientyp
    Andere/Generische Klassifikation     MWN Osteuropa MWN Osteuropa Magazin - 2 12/11/2007 08-00563 R 50 x Schön E004015073DE67CC 22/02/2021 22/03/2021 Monographien